000 00600nam a2200229Ia 4500
003 OSt
005 20221005040247.0
006 a|||||r|||| 00| 0
007 ta
008 221004b |||||||| |||| 00| 0 eng d
024 _a101176
037 _cTextual
040 _aCRL
_cCRL
_beng
041 _2eng
_aeng
082 _aQ2:g, M0
100 _aChennakesavan Sarasvati
245 0 _aCritical study of Hinduism
260 _aDelhi
_bMotilal BanarsiDass India
_c1980
650 _aRELIGION
942 _hQ2:g, M0
_cTEXL
_2cc
999 _c946666
_d946666